The hibiscus : queen of tropical flowers

Bibliographic Details
Main Author: CHIN
Format: Book
Published: Kuala Lumpur : Tropical Press , 1986, 1996
Subjects:

MARC

LEADER 00000cam a2200000 7i4500
001 0000001968
005 20020717.0
020 0 0 |a 9677300210 
090 0 0 |a 583.685   |b CHI 1996 
100 1 0 |a CHIN   |h Hoong Fong 
245 1 4 |a The hibiscus :   |b queen of tropical flowers   |c Chin Hoong Fong 
260 0 0 |a Kuala Lumpur :   |b Tropical Press ,   |c 1986, 1996 
300 |a 151 p. :   |b col. ill. ;   |c 26 cm. 
500 0 0 |a Includes bibliography: p. 148 and index 
650 0 0 |a Hibiscus 
650 0 0 |a Malvaceae 
998 |a JPSM 
999 |a 0000003297   |b Monograph   |c Open Shelf   |e Default branch